01110nam a2200265 a 4500008004100000020001500041050001700056100001900073245012100092260005300213300002300266350000900289490004200298490001100340500004100351650003400392650002400426650003500450650004400485650003400529710003600563995009600599999001700695952013200712060424s1996 ||||||||||||||||| || u a0948404965 aSB 950.7 Bri aHenderson, Ian10aSlug & snail pests in agriculture : proceedings of a symposium organised by the British Crop Protection Council .... aFarnham :bBritish Crop Protection Councilc1996 axiv, 450 p. : ill. a0.00 aBCPC symposium proceedings, 0306-3941 vno. 66 aIncludes bibliographical references. aSLUGS (MOLLUSKS) - CONGRESSES aSNAILS - CONGRESSES aAGRICULTURAL PESTS--CONGRESSES aSLUGS (MOLLUSKS) - CONTROL - CONGRESSES aSNAILS - CONTROL - CONGRESSES aMalacological Society of London D0.00FCBU-MAIN LIBRARY (Kitwe)H1I21.95M1UAVAILABLEZMain Library Open Access Collection c57554d57554 00102lcc4070a001b001cMain Library Open Access Collectiond2022-11-30l0oSB 950.7 Brip45118r2022-11-30w2022-11-30y002